00560nam a2200205Ia 450000500170000000800410001702000240005804000190008204100120010108200130011310000220012624500620014825000120021026000470022230000100026950400320027965000190031165100140033085000100034420230426102614.0131103s9999 xx 000 0 und d a9.79E+12cRs.499.00 aLoreto College aEnglish a339bFRO aFroyen,Richard T. aMacroeconomicsb Theories and policies cRichard T.Froyen a8th ed. aNew DelhibDorling Kindersley(India)c2011 a528p  aIncludes glossary and index aMacroeconomics aEconomics aLCLIB